LEADER 01052nam0-2200337---450- 001 990009719380403321 005 20130419125403.0 010 $a978-88-6250-336-5 035 $a000971938 035 $aFED01000971938 035 $a(Aleph)000971938FED01 035 $a000971938 100 $a20130419d2011----km-y0itay50------ba 101 0 $aita 102 $aIT 105 $aa-------001yy 200 1 $a<>crisi che non passa$fa cura di Mario Deaglio$gcontributi di Giorgio Arfaras ... [et al.] 210 $aMilano$cGuerini e associati$d2011 215 $a199 p.$cill.$d23 cm. 300 $aFa parte di: Rapporto sull'economia globale e l'Italia / Centro di documentazione Luigi Einaudi 610 0 $aCrisi economica$a2008-2011 676 $a330.90511$v22$zita 702 1$aDeaglio,$bMario$f<1943- > 702 1$aArfaras,$bGiorgio 801 0$aIT$bUNINA$gREICAT$2UNIMARC 901 $aBK 912 $a990009719380403321 952 $aVI M 143$b48552$fFSPBC 959 $aFSPBC 996 $aCrisi che non passa$9243764 997 $aUNINA LEADER 01574cam0-22005051i-450- 001 990003081370403321 005 20130211101646.0 010 $a88-238-0192-3 035 $a000308137 035 $aFED01000308137 035 $a(Aleph)000308137FED01 035 $a000308137 100 $a20030910d1993----km-y0itay50------ba 101 0 $aita 102 $aIT 105 $ay-------001yy 200 1 $aFondi pensione e mercati finanziari$ele esperienze internazionali e le prospettive per l'Italia$fsaggi di Roberto Artoni ... [et al.]$g[a cura di Angelo Porta] 210 $aMilano$cEgea$d1993 215 $aVIII, 324 p.$d24 cm 225 1 $aCentro di economia monetaria e finanziaria Paolo Baffi dell'Università Bocconi$v4 300 $aIn appendice: Il Decreto legislativo sulla disciplina delle forme pensionistiche complementari 610 0 $aFondi pensione 676 $a336$v11 rid.$zita 676 $a346.07 702 1$aArtoni,$bRoberto$f<1942- > 702 1$aPorta,$bAngelo$f<1948- > 801 0$aIT$bUNINA$gRICA$2UNIMARC 901 $aBK 912 $a990003081370403321 952 $a21-N-75$b5436$fDDCP 952 $aSE 106.04.20-$b3930$fDECSE 952 $aL-11-TB$b3759 DEA$fECA 952 $aD 228$bs.i.$fDSS 952 $aJ/4.10 POR$b12733$fSES 952 $aDPR 30-246$b17634$fDEC 952 $aI4.20$b5035$fDECTS 959 $aDSS 959 $aSES 959 $aDDCP 959 $aDECSE 959 $aECA 959 $aDEC 959 $aDECTS 996 $aFondi pensione e mercati finanziari$9460040 997 $aUNINA LEADER 01333nam--2200457---450 001 990002881880203316 005 20180308150909.0 010 $a88-420-7990-1 035 $a000288188 035 $aUSA01000288188 035 $a(ALEPH)000288188USA01 035 $a000288188 100 $a20070315d2006----km-y0itay50------ba 101 $aita 102 $aIT 105 $a||||||||001yy 200 1 $aAngeli e beati$emodelli di conoscenza da Tommaso a Spinoza$fEmanuela Scribano 210 $aRoma [etc.]$cGLF editori Laterza$d2006 215 $aVIII, 297 p.$d21 cm 225 2 $aBiblioteca di cultura moderna$v1187 410 0$12001$aBiblioteca di cultura moderna$v1187 454 1$12001 461 1$1001-------$12001 606 0 $aConoscenza 676 $a120 700 1$aSCRIBANO,$bMaria Emanuela$0158812 801 0$aIT$bsalbc$gISBD 912 $a990002881880203316 951 $aII.1.B. 230$b190722 L.M.$cII.1.B.$d00122246 951 $aCC 291.215 SCR$b8057 FIL 959 $aBK 969 $aUMA 969 $aFIL 979 $aVITALE$b90$c20070315$lUSA01$h1529 979 $aVITALE$b90$c20070315$lUSA01$h1533 979 $c20121027$lUSA01$h1552 979 $c20121027$lUSA01$h1607 979 $c20121027$lUSA01$h1611 996 $aAngeli e beati$9728598 997 $aUNISA DEB $aSA0018248